<?xml version="1.0" encoding="UTF-8"?>
<marc:record xmlns:marc="http://www.loc.gov/MARC21/slim">
   <marc:leader>00000nam a2200000 a 4500</marc:leader>
   <marc:datafield ind1="1" ind2=" " tag="100">
      <marc:subfield code="a">Hierzenberger, Gottfried</marc:subfield>
      <marc:subfield code="4">aut</marc:subfield>
      <marc:subfield code="e">Verfasser/-in</marc:subfield>
   </marc:datafield>
   <marc:datafield ind1=" " ind2=" " tag="653">
      <marc:subfield code="a">Atheismus</marc:subfield>
   </marc:datafield>
   <marc:datafield ind1=" " ind2=" " tag="653">
      <marc:subfield code="a">Glaube</marc:subfield>
   </marc:datafield>
   <marc:datafield ind1=" " ind2=" " tag="653">
      <marc:subfield code="a">Religionsersatz</marc:subfield>
   </marc:datafield>
   <marc:datafield ind1=" " ind2=" " tag="653">
      <marc:subfield code="a">Wissen</marc:subfield>
   </marc:datafield>
   <marc:datafield ind1="0" ind2="0" tag="245">
      <marc:subfield code="a">Der Glaube der Atheisten</marc:subfield>
   </marc:datafield>
   <marc:datafield ind1="0" ind2="0" tag="245">
      <marc:subfield code="c">Gottfried Hierzenberger</marc:subfield>
   </marc:datafield>
   <marc:datafield ind1=" " ind2="1" tag="264">
      <marc:subfield code="a">Limburg</marc:subfield>
      <marc:subfield code="b">Lahn-Verl.</marc:subfield>
      <marc:subfield code="c">2005</marc:subfield>
   </marc:datafield>
   <marc:datafield ind1="1" ind2=" " tag="490">
      <marc:subfield code="a">Topos-plus-Taschenbücher</marc:subfield>
      <marc:subfield code="v">Bd. 496 : Grundwissen Religion</marc:subfield>
   </marc:datafield>
   <marc:datafield ind1=" " ind2=" " tag="250">
      <marc:subfield code="a">Orig.-Ausg.</marc:subfield>
   </marc:datafield>
   <marc:datafield ind1="1" ind2=" " tag="520">
      <marc:subfield code="a">Jeder Mensch stößt auf seine Transzendenz, d. h. er erkennt sich als "offen" und "relativ" und sieht sich darin denknotwendig auf etwas Absolutes verwiesen. Was über die Jahrhunderte hin als Domäne der Religionen oder als göttliches Gnadengeschenk gesehen wurde, bedeutet für säkularisierte Menschen die Möglichkeit, auch "atheistisch an Gott zu glauben" (Dorothee Sölle). In diesem Band der Reihe "Grundwissen Religion" wird dieser unkonventionelle Denkansatz näher begründet und auf verschiedene Glaubens-Arten angewendet. Damit wird nicht ein Skeptiker oder Agnostiker für den Gottesglauben vereinnahmt, sondern es wird über Glaubens- Varianten referiert und "Glaube" auf den Prüfstand gelegt.</marc:subfield>
   </marc:datafield>
   <marc:datafield ind1=" " ind2=" " tag="020">
      <marc:subfield code="a">9783786784968</marc:subfield>
      <marc:subfield code="9">9783786784968</marc:subfield>
   </marc:datafield>
   <marc:datafield ind1=" " ind2=" " tag="020">
      <marc:subfield code="a">3786784965</marc:subfield>
      <marc:subfield code="9">3786784965</marc:subfield>
   </marc:datafield>
   <marc:datafield ind1=" " ind2=" " tag="041">
      <marc:subfield code="a">ger</marc:subfield>
   </marc:datafield>
   <marc:datafield ind1=" " ind2=" " tag="300">
      <marc:subfield code="a">158 S.</marc:subfield>
   </marc:datafield>
</marc:record>
